Guľovačka

Bibliographic Details
Main Author: Tešovičová, Anita, 1940- (Author)
Format: Article
Language:Slovak
ISSN:1335-6488
Subjects:

MARC

LEADER 00000nab a2200000 a 4500
001 vtls008427705
003 SK-MaSNL
005 20260303070245.0
008 060202 2006 xo m 000 0 slo
015 |a SNBRB2006/02 
038 |a KEKMK 
040 |a KEKMK  |b slo  |c KEKMK  |e AACR2 
041 0 |a slo 
044 |a xo  |c SK 
080 |a 82-93  |2 UDC-MRF-SK2 
100 1 |a Tešovičová, Anita,  |d 1940-   |4 aut  |9 92402 
245 1 0 |a Guľovačka  |c Anita Tešovičová 
650 0 7 |a literatúra pre deti a mládež  |2 kekmk  |9 21893 
773 0 |t Včielka : časopis pre najmenších  |g Roč.48,č.6 február (2006), s.3  |x 1335-6488 
852 |a KEKMK  |b KIS3G 
999 |c 1754548  |d 1756478